Statistics for Flags of the World Chain Game #1

Click here to take the quiz!

General Stats

  • This quiz has been taken 3,989 times
    (2,553 since last reset)
  • The average score is 10 of 12

Answer Stats

HintAnswer% Correct
HTML tutorial China
100%
HTML tutorial Egypt
95%
HTML tutorial Mexico
91%
HTML tutorial Tunisia
91%
HTML tutorial Serbia
88%
HTML tutorial Denmark
86%
HTML tutorial Thailand
86%
HTML tutorial Uganda
83%
HTML tutorial Germany
82%
HTML tutorial Jamaica
82%
HTML tutorial Ukraine
82%
Mongolia
78%

Score Distribution

Percentile by Number Answered

Percent of People with Each Score

Your Score History

You have not taken this quiz since the last reset